000
00289nam a2200121Ia 4500
008
190216s9999||||xx |||||||||||||| ||und||
100
_a
Varghese Chingathu
245
0
_a
Sidhilagopuram
260
_b
C I C C Book House
_c
1992
300
_a
126p
650
_a
Malayalam Nadakam
942
_c
BK
999
_c
27755
_d
27755